Palais et maisons du Caire du XIVe au XVIIIe siècle /

محفوظ في:

المؤلف الرئيسي: Revault, Jacques (مؤلف)

مؤلفون آخرون: Maury, Bernard (Joint author.), Lézine, Alexandre, Medhat-Lecocq, Héba (المترجم)

التنسيق: كتاب

اللغة: French

منشور في: Le Caire : Institut Français D'Archéologie Orientale, 2020-

الطبعة: Deuxième édition.

سلاسل: Mémoires publiés par les membres de l'Institut français d'archéologie orientale du Caire ; 139, 144, 148,150.
MIFAO ; 139, 144, 148, 150.

الموضوعات:

الوسوم: إضافة وسم

لا توجد وسوم, كن أول من يضع وسما على هذه التسجيلة!

رقم الطلب: ( F )DT57 .C185 v.139, 144, 148, 150

LEADER 02438nam a22004817a 4500
003 OSt
005 20251222110430.0
008 251222m20209999ua abef b 000 0 fre
010 |a  77569209  
020 |a 9782724707304   |q (v. 1 : hardback) 
020 |a 9782724708004  |q (v. 2 : hardback) 
020 |a 9782724708615   |q (v. 3 : hardback)  
020 |a 9782724709667  |q (v. 4 : hardback)  
022 |a 0257-411X 
040 |c ARCE Library 
043 |a f-ua--- 
050 1 4 |a ( F )DT57  |b .C185 v.139, 144, 148, 150 
100 1 |a Revault, Jacques  |e author 
245 1 0 |a Palais et maisons du Caire du XIVe au XVIIIe siècle /   |c par Jacques Revault et Bernard Maury ; traduction en arabe: Heba Medhat-Lecocq. 
246 1 4 |a Palais & maisons du Caire. 
246 1 5 |a Quṣūr wa-manāzil al-Qāhirah min al-qarn al-rābiʻ ʻashar ilá al-qarn al-thāmin ʻashar. 
250 |a Deuxième édition. 
260 1 |a Le Caire :   |b Institut Français D'Archéologie Orientale,   |c 2020-  
300 |a volumes :   |b illustrations, maps, plans ;   |c 33 cm. 
336 |2 rdacontent  |a text  |b txt 
337 |2 rdamedia  |a unmediated  |b n 
338 |2 rdacarrier  |a volume  |b n 
490 0 |a Mémoires publiés par les membres de l'Institut français d'archéologie orientale du Caire ;   |v 139, 144, 148,150. 
490 0 |a MIFAO ;   |v 139, 144, 148, 150. 
504 |a Includes bibliographical references. 
505 |t Palais et maisons du Caire : du XIVe au XVIIIe siècle. IV  |r Bernard Maury, Alexandre Lézine, Héba Medhat-Lecocq  |t Palais et maisons du Caire : du XIVe au XVIIIe siècle. III  |r Jacques Revault, Bernard Maury, Mona Zakariya, Héba Medhat-Lecocq  |t Palais et maisons du Caire : du XIVe au XVIIIe siècle. II   |r Jacques Revault, Bernard Maury, Héba Medhat-Lecocq  |t Palais et maisons du Caire du XIVe au XVIIIe siècle I   |r Jacques Revault, Bernard Maury, Heba Medhat-Lecocq 
546 |a Texts in French and Arabic.  
650 0 |a Palaces  |z Egypt  |z Cairo. 
650 0 |a Dwellings  |z Egypt  |z Cairo. 
650 0 |a Islamic architecture  |z Egypt  |z Cairo. 
651 0 |a Cairo (Egypt)   |x Buildings, structures, etc. 
700 1 |a Maury, Bernard,  |e Joint author. 
700 1 |a Lézine, Alexandre 
700 1 |a Medhat-Lecocq, Héba,   |e translator 
880 1 5 |6 246-00//r   |a  قصور ومنازل القاهرة من القرن الرابع عشرالى القرن الثامن عشر  
901 |a reviewed 
942 |2 lcc  |c BK 
999 |c 37239  |d 37239